| 000 | 00000nam 2200000za 4500 |
| 001 | 9.812574 |
| 003 | CaOODSP |
| 005 | 20221107141344 |
| 007 | cr ||||||||||| |
| 008 | 160502s2011 xxc |o f|0| 0 eng d |
| 040 | |aCaOODSP|beng |
| 043 | |an-cn--- |
| 086 | 1 |aR5-108/2011E-PDF |
| 110 | 1 |aCanada.|bIndian and Northern Affairs Canada.|bAudit and Assurance Services Branch. |
| 245 | 10|aInternal audit report. Management practices audit of the Atlantic Region |h[electronic resource] / |cprepared by Audit and Assurance Services Branch. |
| 260 | |a[Gatineau, Québec] : |bIndian and Northern Affairs Canada, |c2011. |
| 300 | |ai, 19 p. : |btables. |
| 500 | |aApril 2011. |
| 500 | |aProject # 10-26. |
| 500 | |aIssued also in French under title: Rapport de vérification interne. Vérification des pratiques de gestion de la région de l’Atlantique. |
| 775 | 08|tRapport de vérification interne. Vérification des pratiques de gestion de la région de l'Atlantique |w(CaOODSP)9.816701 |
| 856 | 40|qPDF|s69 KB|uhttps://publications.gc.ca/collections/collection_2016/aanc-inac/R5-108-2011-eng.pdf |
| 986 | |aCIDM # 3451735 |